Bilancia obilia za 1. štvrťrok 1994

Na minha lista:
Detalhes bibliográficos
Formato: Livro
Idioma:eslovaco
Publicado em: Bratislava Štatistický úrad SR 1994
Colecção:Štatistické čísla a grafy
Tags: Adicionar Tag
Sem tags, seja o primeiro a adicionar uma tag!

MARC

LEADER 00000nam a2200000 4500
001 c005274
005 20260210125135.2
041 0 |a slo 
044 |a SK 
245 1 0 |a Bilancia obilia za 1. štvrťrok 1994 
264 1 |a Bratislava  |b Štatistický úrad SR  |c 1994 
300 |a 106 s. 
490 1 |a Štatistické čísla a grafy 
830 0 |a Štatistické čísla a grafy